LEADER 01145nam0 2200289 450 001 000034341 005 20150526122428.0 100 $a20130204d1972----km-y0itaa50------ba 101 0 $ager 102 $aDE 200 1 $aWir und der Expressionismus$estudien zur Auseinandersetzung der marxistisch-leninistischen Literaturwissenschaft mit dem Expressionismus$fReinhard Weisbach 210 $aBerlin$cAkademie$d1972 215 $a250 p.$d20 cm 225 2 $aLiteratur und Gellschaft 410 0$12001$aLiteratur und Gellschaft 606 1 $aEspressionismo $xConcezione marxista$z1911-1970 676 $a335.4$v(22. ed.)$9Sistemi marxisti 700 1$aWeisbach,$bReinhard$0446281 801 0$aIT$bUniversità della Basilicata - B.I.A.$gRICA$2unimarc 912 $a000034341 996 $aWir und der Expressionismus$996280 997 $aUNIBAS BAS $aLETTERE CAT $aSTD086$b01$c20130204$lBAS01$h1253 CAT $aTTM$b30$c20150526$lBAS01$h1224 FMT Z30 -1$lBAS01$LBAS01$mBOOK$1BASA1$APolo Storico-Umanistico$2FMAS$BFondo Masini$3FMas/817/4312$6817/4312$5B817/4312$820130204$f02$FPrestabile Generale